000 00547nam a22001217a 4500
999 _c18760
_d18760
008 210209b xxu||||| |||| 00| 0 eng d
050 _aGMB1269
_b.K56 2015 c.1
100 _aKimani, Eunice Muthoni
245 _aAssessment of the influence of entrepreneurship training on succession planning in family-owned small and medium enterprises
_ba case of entrepreneurship training program offered by Strathmore University
_cEunice Muthoni Kimani
260 _aKabarak, Nakuru, Kenya
_bKabara University
_c2015
300 _a73 leaves
942 _2lcc
_cTHE